Aplicación del enfoque geoecológico para la interpretación espacial de los niveles de urbanización (Record no. 190696)
[ view plain ]
| 000 -CABECERA | |
|---|---|
| campo de control de longitud fija | 01612nab a2200289 a 4500 |
| 005 - FECHA Y HORA DE LA ÚLTIMA TRANSACCIÓN | |
| campo de control | 20210219163217.0 |
| 008 - ELEMENTOS DE LONGITUD FIJA--INFORMACIÓN GENERAL | |
| campo de control de longitud fija | 991125s1985 mx 000 0 spa u |
| 035 ## - NÚMERO DE CONTROL DEL SISTEMA | |
| Número de control de sistema | UPN01000218596 |
| 049 ## - COLECCIÓN | |
| Colección | ART |
| 100 1# - ASIENTO PRINCIPAL--NOMBRE PERSONAL | |
| Nombre de persona | Martínez Serrano, Ayesa |
| 100 1# - ASIENTO PRINCIPAL--NOMBRE PERSONAL | |
| Filiación | ayetsa.martinez@gmail.com |
| 100 1# - ASIENTO PRINCIPAL--NOMBRE PERSONAL | |
| Nombre de persona | Bollo Manent, Manuel |
| 100 1# - ASIENTO PRINCIPAL--NOMBRE PERSONAL | |
| Filiación | mbollo@ciga.unam.mx |
| 222 #0 - TÍTULO CLAVE | |
| Título clave | ECONOMIA, SOCIEDAD Y TERRITORIO |
| 245 00 - MENCIÓN DE TÍTULO | |
| Título | Aplicación del enfoque geoecológico para la interpretación espacial de los niveles de urbanización |
| 260 ## - PUBLICACIÓN, DISTRIBUCIÓN, ETC. | |
| Lugar de publicación, distribución, etc. | Toluca, México |
| 300 ## - DESCRIPCIÓN FÍSICA | |
| Extensión | 115-144 |
| 362 0# - FECHAS DE PUBLICACIÓN Y/O DESIGNACIÓN SECUENCIAL | |
| Fecha de publicación y/o designación secuencial | 2017 Volumen 17, número 53, enero-abril |
| 520 3# - NOTA DE RESUMEN, ETC. | |
| Sumario, etc. | La comprensión geoecológica del espacio en la interacción naturaleza-sociedad demanda el desarrollo teórico del enfoque sistémico, la modelación, la automatización y el manejo de las geotecnologías. La interrelación entre los paisajes naturales y los elementos antropogénicos originan unidades geoecológicas en un espacio geográfico. El análisis delimita 30 unidades de paisajes físico-geográficos, a partir de los componentes naturales y del modelo sombreado del terreno. Posteriormente, mediante procedimiento matricial por superposición con la tipología del uso del suelo y la cobertura, fueron obtenidas y caracterizadas 247 unidades geoecológicas para la descripción del espacio urbano, periurbano y rural |
| 653 0# - TERMINO DE INDIZACION - NO CONTROLADO | |
| Término no controlado | GEOECOLOGIA |
| 653 0# - TERMINO DE INDIZACION - NO CONTROLADO | |
| Término no controlado | GEOTECNOLOGIAS |
| 653 0# - TERMINO DE INDIZACION - NO CONTROLADO | |
| Término no controlado | ESPACIO URBANO |
| 653 0# - TERMINO DE INDIZACION - NO CONTROLADO | |
| Término no controlado | USO DE SUELO |
| 653 0# - TERMINO DE INDIZACION - NO CONTROLADO | |
| Término no controlado | ESPACIO RURAL |
| 856 4# - LOCALIZACIÓN Y ACCESO ELECTRÓNICOS | |
| Identificador Uniforme del Recurso | <a href="http://www.redalyc.org/articulo.oa?id=11149081006">http://www.redalyc.org/articulo.oa?id=11149081006</a> |
| 905 ## - TIPO DE MATERIAL | |
| Tipo de material | Articulo |
No items available.
